|
|
|
|
| LEADER |
01087nam a2200253 a 4500 |
| 001 |
5965749 |
| 008 |
800208s1980 enk b 000 0 eng d |
| 020 |
|
|
|a 0080233643
|
| 040 |
|
|
|a HLS
|c HLS
|d OSU
|d BD-DhAAL
|
| 082 |
0 |
0 |
|a 338.951009173/4
|2 19
|
| 245 |
0 |
0 |
|a Chinese rural institutions and the question of transferability /
|c edited by Jonathan Unger
|
| 260 |
|
|
|a Oxford :
|b Pergamon Press,
|c 1980
|
| 300 |
|
|
|a v, p. 559-722 ;
|c 25 cm
|
| 500 |
|
|
|a "Published as a special issue of the journal World Development, Volume 6, Number 5 ... " -- verso of t.p
|
| 504 |
|
|
|a Includes bibliographical references
|
| 541 |
1 |
|
|e 00004439
|
| 650 |
|
0 |
|a Rural development
|z China
|
| 651 |
|
0 |
|a China
|x Rural conditions
|
| 651 |
|
0 |
|a China
|x Economic policy
|
| 700 |
1 |
|
|a Unger, Jonathan
|
| 830 |
0 |
|
|a World development ;
|v v. 6, no. 5
|
| 852 |
4 |
|
|a Ayesha Abed Library
|j General Shelf.
|
| 999 |
|
|
|c 6888
|d 6888
|
| 952 |
|
|
|0 0
|1 0
|2 ddc
|4 0
|6 338_951009173400000_CHI_1980
|7 0
|9 7098
|a BRACUL
|b BRACUL
|c GEN
|d 2010-01-12
|g 0.00
|l 0
|o 338.9510091734 CHI
|p 3010004439
|r 2010-01-12
|t 1
|w 2010-01-12
|y BK
|z Not price in Register
|